Statistics for World Cup Quiz

Click here to take the quiz!

General Stats

  • This quiz has been taken 1,892 times
    (329 since last reset)
  • The average score is 14 of 25

Answer Stats

World Cup Questions Answer % Correct
Team that has won most world cupsBrazil
98%
First World Cup ChampionUruguay
97%
Argentina's legendary player who coached the team in the 2010 World CupDiego Maradona
90%
Top scorer in World Cup historyMiroslav Klose
86%
Only year that England has won a World Cup1966
86%
Year World Cup was recontinued due to World War II1950
83%
Only continent (other than Oceania) to have never had a top four finisherAfrica
81%
2018 World Cup hostRussia
79%
Team that has won all four of its penalty shootoutsGermany
74%
Team that shockingly finished fourth in the 2002 World CupSouth Korea
73%
Team that has been runner-up in most World Cups without winningNetherlands
67%
Country where soccer was createdUnited Kingdom
63%
Team that has lost seven consecutive times in the Round of 16Mexico
62%
Location (country) of World Cup with highest average attendanceUSA
56%
1958 World Cup hostSweden
55%
Player who's handball in the final minute helped his team advance to the semifinalLuis Suarez
54%
Top scorer in a single World CupJust Fontaine
54%
Golden Boot winner of 1998 World CupDavor Suker
40%
Top keeper of 1982 World CupDino Zoff
31%
Site (stadium) of 1986 World Cup FinalEstadio Azteca
29%
Only team in the 2006 world cup to not allow any goalsSwitzerland
26%
Number of games in 1990 World Cup52
21%
Fastest goal scorer in World Cup HistoryHakan Sukur
20%
Name of 1970 World Cup ballTelstar
7%
1982 World Cup mascotNaranjito
5%

Score Distribution

Percentile by Number Answered

Percent of People with Each Score

Your Score History

You have not taken this quiz since the last reset